Fundamentals of metal cutting and machine tools / (Record no. 934)
[ view plain ]
| 000 -LEADER | |
|---|---|
| fixed length control field | 00760nac a22002171u 4500 |
| 010 ## - LIBRARY OF CONGRESS CONTROL NUMBER | |
| LC control number | 87410049 |
| 020 ## - INTERNATIONAL STANDARD BOOK NUMBER | |
| International Standard Book Number | 8122414672 |
| 082 00 - DEWEY DECIMAL CLASSIFICATION NUMBER | |
| Classification number | 671.53 |
| Item number | J951 |
| 090 ## - LOCALLY ASSIGNED LC-TYPE CALL NUMBER (OCLC); LOCAL CALL NUMBER (OCLC) | |
| -- | 931 |
| -- | 931 |
| 100 ## - MAIN ENTRY--PERSONAL NAME | |
| Personal name | Juneja, B. L. |
| 245 10 - TITLE STATEMENT | |
| Title | Fundamentals of metal cutting and machine tools / |
| Statement of responsibility, etc | B.L. Juneja, G.S. Sekhon. |
| 250 ## - EDITION STATEMENT | |
| Edition statement | 2nd revised ed. |
| 260 ## - PUBLICATION, DISTRIBUTION, ETC. (IMPRINT) | |
| Place of publication, distribution, etc | New Delhi : |
| Name of publisher, distributor, etc | New Age International Pvt. Ltd., |
| Date of publication, distribution, etc | 1987. |
| 300 ## - PHYSICAL DESCRIPTION | |
| Extent | viii, 462 p. : |
| Other physical details | ill. ; |
| Dimensions | 25 cm. |
| 504 ## - BIBLIOGRAPHY, ETC. NOTE | |
| Bibliography, etc | Includes bibliographies and index. |
| 650 #0 - SUBJECT ADDED ENTRY--TOPICAL TERM | |
| Topical term or geographic name as entry element | Metal-cutting. |
| 650 #0 - SUBJECT ADDED ENTRY--TOPICAL TERM | |
| Topical term or geographic name as entry element | Machine-tools. |
| 700 1# - ADDED ENTRY--PERSONAL NAME | |
| Personal name | Sekhon, G. S. |
| 942 ## - ADDED ENTRY ELEMENTS (KOHA) | |
| Item type | Book - Borrowing |
| Call number prefix | 671.53J951 |
| Withdrawn status | Item status | Source of classification or shelving scheme | Damaged status | Not for loan | Vendor | Home library | Current library | Shelving location | Date acquired | Source of acquisition | Cost, normal purchase price | Total Checkouts | Total Renewals | Full call number | Barcode | Date last seen | Date last borrowed | Cost, replacement price | Koha item type |
|---|---|---|---|---|---|---|---|---|---|---|---|---|---|---|---|---|---|---|---|
| Dewey Decimal Classification | Central Library | Central Library | First floor | 06/08/2010 | 100.00 | 3 | 11 | 671.53 JUN | 000003591 | 15/07/2025 | 18/02/2023 | 125.00 | Book - Borrowing | ||||||
| Central Library | Central Library | First floor | 06/08/2010 | Purchase | 100.00 | 671.53 JUN | 000003588 | 15/07/2025 | 125.00 | Book - Borrowing |